Record Details

Key Words with Peter And Jane:Out In The Sun (5b)

W. Murray (Author).

Record details

  • ISBN: 9781409301226
  • Physical Description: Hardcover
  • Publisher: London Ladybird Books
Subject: Readers (Elementary)

Available copies

  • 12 of 12 copies available at Headquarters.
Location Call Number / Copy Notes Barcode Shelving Location Status Due Date
Airport Children Library 201 JFIC/MUR 000001286892 Childrens' Fiction Available -
Airport Children Library 201 JFIC/MUR 000001286908 Childrens' Fiction Available -
Airport Children Library 201 JFIC/MUR 000001286915 Childrens' Fiction Available -
Airport Children Library 201 JFIC/MUR 000001286922 Childrens' Fiction Available -
Airport Children Library 201 JFIC/MUR 000001286939 Childrens' Fiction Available -
Airport Children Library 201 JFIC/MUR 000001286946 Childrens' Fiction Available -
Airport Children Library 201 JFIC/MUR 000001286953 Childrens' Fiction Available -
Airport Children Library 201 JFIC/MUR 000001286960 Childrens' Fiction Available -
Airport Children Library 201 JFIC/MUR 000001286977 Childrens' Fiction Available -
Airport Children Library 201 JFIC/MUR 000001373196 Childrens' Fiction Available -

No reviews or recommendations are currently available.

Loading shelf browser…

LDR 00620cam a2200205Ka 4500
00177952
003HQ
00520210929114558.0
008070101s xxka br 1 eng d
020 . ‡a9781409301226
037 . ‡aSSNIT
082 . ‡aJ428.4/MUR
100 . ‡aW. Murray
245 . ‡aKey Words with Peter And Jane:Out In The Sun (5b)
260 . ‡aLondon ‡bLadybird Books
300 . ‡aHardcover
650 . ‡aReaders (Elementary)
901 . ‡a77952 ‡bAUTOGEN ‡c77952 ‡tbiblio

Session Timeout

Your session will expire in minutes and seconds.

If you need more time, please click "Continue Session."

Session Ended

Your session has ended. Redirecting to the home page...